00926nam a2200205 a 450000100100000000500170001000800410002702000180006804000250008608200150011110000240012624500550015026000400020530000280024550000700027395201280034395201130047195201190058499900170070300003243120200930065633.0110718s2012 dr a 000 0 spa d a9789945489224 aDO-SdBNPbspacBNPHU axxxxbxxxx1 aClase, Pablo95839210aMaría Montez :bmujer y estrella /cPablo Clase. aSanto Domingo, :bSantuario,c2012. a178 p. :bil. ;c23 cm. aIncluye datos biográficos del autor en la solapa de la cubierta 001054708DSaGRbGRcCTd2013-03-04iLF1l0oxxxx xxxxp32431-30r2020-06-25te. 3w2020-06-25yLFDSZPréstamo en sala 0010718PDaPDbPDcHDd2011-07-18iLF1l0oxxxx xxxxp32431-10r2020-06-25w2020-06-25yLFPDZNo se presta 0010718PDaPDbPDcCTd2013-03-04iLF1l0oxxxx xxxxp32431-20r2020-06-25te. 2w2020-06-25yLFPDZNo se presta c31922d31922